La psychologie de l'enfant

Αποθηκεύτηκε σε:
Λεπτομέρειες βιβλιογραφικής εγγραφής
Κύριος συγγραφέας: Piaget, Jean 1896-1980
Άλλοι συγγραφείς: Inhelder, Baerbel
Μορφή: Βιβλίο
Γλώσσα:French
Δημοσίευση: [Paris] : Quadrige / PUF, [2006]
Σειρά:Quadrige (Presses universitaires de France). Grands textes
Θέματα:
Ετικέτες: Προσθήκη ετικέτας
Δεν υπάρχουν, Καταχωρήστε ετικέτα πρώτοι!

MARC

LEADER 00000nam a2200000 i 4500
001 1/87455
008 080602s2006 fre d
020 |a 2-13-053568-2 
035 |l 10097879 
040 |a GR-MY-UA  |b gre  |e aacr 
041 0 |a fre 
082 0 |a 155.4 
100 1 |a Piaget, Jean  |d 1896-1980. 
245 1 3 |a La psychologie de l'enfant /  |c Jean Piaget, Baerbel Inhelder 
260 |a [Paris] :   |b Quadrige / PUF,   |c [2006] 
300 |a 151 σ. 
490 1 |a Quadrige (Presses universitaires de France). Grands textes 
504 |a Βιβλιογραφία: σ. 151-[152] 
650 0 0 |a Child psychology. 
650 0 0 |a Developmental psychology. 
650 0 0 |a Sensorimotor integration. 
650 0 0 |a Perception in children. 
700 1 |a Inhelder, Baerbel. 
830 0 |a Quadrige (Presses universitaires de France). Grands textes 
852 |a INST  |b RHODES  |e 20080602  |h 155.4 PIA  |p 005400029046  |q 005400029046  |t BK  |y 0 
901 |a BIBL4-2008-2 
909 |a Ρ  |b 152618 
922 |a 4ΕΛΗ  |b 200803  |c ΕΠΕΑΕΚ2/ΤΕΠΑΕΣ  |d ΕΛΕΥΘΕΡΟΥΔΑΚΗΣ 
970 |a ΧΑΡΙΟΠΟΛΙΤΟΥ  |b ΚΩΝΣΤΑΝΤΙΝΑ  |z 2008/06/02